Design forward : (Record no. 354010)
[ view plain ]
| 000 -LEADER | |
|---|---|
| fixed length control field | 02118nam a2200265 a 4500 |
| 001 - CONTROL NUMBER | |
| control field | ASIN3897903814 |
| 003 - CONTROL NUMBER IDENTIFIER | |
| control field | OSt |
| 005 - DATE AND TIME OF LATEST TRANSACTION | |
| control field | 20180116192424.0 |
| 008 - FIXED-LENGTH DATA ELEMENTS--GENERAL INFORMATION | |
| fixed length control field | 140828s2013 xxu eng d |
| 020 ## - INTERNATIONAL STANDARD BOOK NUMBER | |
| International Standard Book Number | 3897903814 (paperback) |
| 020 ## - INTERNATIONAL STANDARD BOOK NUMBER | |
| International Standard Book Number | 9783897903814 (paperback) |
| 040 ## - CATALOGING SOURCE | |
| Transcribing agency | sada |
| 082 ## - DEWEY DECIMAL CLASSIFICATION NUMBER | |
| Classification number | 745.4 |
| Author Mark | ESS 2013 |
| 100 1# - MAIN ENTRY--PERSONAL NAME | |
| Personal name | Esslinger, hartmut. |
| 9 (RLIN) | 7776 |
| 245 10 - TITLE STATEMENT | |
| Title | Design forward : |
| Remainder of title | creative strategies for sustainable change / |
| Statement of responsibility, etc. | Hartmut Esslinger. |
| 260 ## - PUBLICATION, DISTRIBUTION, ETC. | |
| Place of publication, distribution, etc. | [S.l.] : |
| Name of publisher, distributor, etc. | Arnoldsche Verlagsanstalt, |
| Date of publication, distribution, etc. | 2013. |
| 300 ## - PHYSICAL DESCRIPTION | |
| Extent | 300 p. ; |
| Dimensions | 25 cm. |
| 520 ## - SUMMARY, ETC. | |
| Summary, etc. | Design as a strategic and holistic way of finding and creating sustainable and successful solutions A presentation of new tendencies and strategic approaches that work for positive change In this book Hartmut Esslinger - one of the most influential designers and thinkers, as well as the founder of frog design - explains how 'strategic design' in business and society can and must bring about positive change through innovative creativity. A key component is the strategically extended definition of design as a convergent and humanistic amalgamation of technology, the environment and the economy. For Esslinger, design has always been a key strategic discipline, which he has practised successfully in cooperation with companies such as Wega, Louis Vuitton, Sony, SAP and especially Apple, collaborating directly with Steve Jobs. Therefore in this book he sets out to establish a wide range of creative innovators as top executives, who are equally influential and occupy leading positions in economics, education and politics. Every future projection is always based on history, Design Forward also shows relevant and richly illustrated case studies taken from Esslinger's career, as well as selected works by his students at the University of Applied Arts in Vienna. |
| 650 ## - SUBJECT ADDED ENTRY--TOPICAL TERM | |
| Topical term or geographic name entry element | Strategic planning |
| 9 (RLIN) | 7777 |
| 650 ## - SUBJECT ADDED ENTRY--TOPICAL TERM | |
| Topical term or geographic name entry element | Sustainable design |
| 9 (RLIN) | 7778 |
| 650 ## - SUBJECT ADDED ENTRY--TOPICAL TERM | |
| Topical term or geographic name entry element | Industrial design |
| 9 (RLIN) | 7779 |
| 700 1# - ADDED ENTRY--PERSONAL NAME | |
| Personal name | Esslinger, Hartmut. |
| 9 (RLIN) | 7780 |
| 856 40 - ELECTRONIC LOCATION AND ACCESS | |
| Materials specified | Amazon.com |
| Uniform Resource Identifier | <a href="http://www.amazon.com/exec/obidos/ASIN/3897903814/chopaconline-20">http://www.amazon.com/exec/obidos/ASIN/3897903814/chopaconline-20</a> |
| 942 ## - ADDED ENTRY ELEMENTS (KOHA) | |
| Source of classification or shelving scheme | |
| Koha item type | Book |
| Withdrawn status | Lost status | Source of classification or shelving scheme | Damaged status | Not for loan | Permanent Location | Current Location | Date acquired | Total Checkouts | Total Renewals | Full call number | Barcode | Date last seen | Date last checked out | Cost, replacement price | Price effective from | Koha item type |
|---|---|---|---|---|---|---|---|---|---|---|---|---|---|---|---|---|
| School of Art Design and Architecture (SADA) | School of Art Design and Architecture (SADA) | 08/27/2014 | 2 | 2 | 745.4 ESS 2013 | SADA0002378 | 01/04/2016 | 12/14/2015 | 3823.33 | 08/28/2014 | Book |
